Anthropologists in a wider world : essays on field research

Αποθηκεύτηκε σε:
Λεπτομέρειες βιβλιογραφικής εγγραφής
Άλλοι συγγραφείς: Dresch, Paul (Επιμελητής έκδοσης), James, Wendy (Επιμελητής έκδοσης), Parkin, David J. (Επιμελητής έκδοσης)
Μορφή: Βιβλίο
Γλώσσα:English
Δημοσίευση: New York : Berghahn Books, 2000
Σειρά:Methodology and history in anthropology ; ; 7
Θέματα:
Ετικέτες: Προσθήκη ετικέτας
Δεν υπάρχουν, Καταχωρήστε ετικέτα πρώτοι!

MARC

LEADER 00000nam a2200000 i 4500
001 1/78529
008 080324s2000 eng d
020 |a 1-57181-799-9 
035 |l 10095751 
040 |a GR-MY-UA  |b gre  |e aacr 
041 0 |a eng 
082 0 |a 306  |2 (22) 
245 1 0 |a Anthropologists in a wider world :  |b essays on field research /  |c edited by Paul Dresch, Wendy James, and David Parkin 
260 |a New York :   |b Berghahn Books,   |c 2000 
300 |a xiv, 310 σ.;  |b εικ.;  |c 22 εκ. 
490 1 |a Methodology and history in anthropology  |v ; 7 
500 |a Ο παρών τόμος οφείλει την προέλευσή του σε ένα "μακρά ημερίσιο σεμινάριο" που διοργανώθηκε τον Σεπτέμβριο, του 1997, από το προσωπικό του Ιδρύματος Κοινωνικής και Πολιτιστικής Ανθρωπολογίας, του Πανεπιστήμιο της Οξφόρδης 
504 |a Βιβλιογραφία: σ. [275]-294 
504 |a Ευρετήριο: σ. 295-310 
650 0 0 |a Anthropology  |x Field work. 
650 0 0 |a Anthropology  |x Research. 
650 0 0 |a Anthropology  |x Methodology. 
700 1 |a Dresch, Paul.  |4 edt 
700 1 |a James, Wendy.  |4 edt 
700 1 |a Parkin, David J.  |4 edt 
830 0 |a Methodology and history in anthropology ;  |v ; 7 
852 |a INST  |b LESVOS  |e 20080324  |h 306 ANT  |p 005100039427  |q 005100039427  |t BK  |y 0 
901 |a BIBL1-2008-1 
909 |a Λ  |b 143179 
922 |a 1ΕΛΗ  |b 100712  |c ΕΠΕΑΕΚ2/ΤΚΑ  |d ΠΑΠΑΣΩΤΗΡΙΟΥ 
970 |a ΚΑΡΑ  |b ΓΙΑΣΕΜΗ  |z 2008/03/24